000 00782cam a2200241 a 4500
001 000005287
005 20200929151631.0
008 010725s2001 sp b 001 1 spa
020 _a8466303936
040 _aDO-SdBNP
_bspa
_cBNPHU
082 _a862.3
_bC146vi
100 1 _aCalderón de la Barca, Pedro,
_d1600-1681.
_95547
245 1 3 _aLa vida es sueño /
_cPedro Calderón de la Barca ; estudio y notas, Begoña Alonso Monedero.
260 _a[Madrid] :
_bSuma de Letras,
_c2001.
300 _a239 p. ;
_c18 cm.
490 1 _aPunto de lectura
_v300/3
650 4 _aTeatro español
_93071
650 4 _aLiteratura española
_9632
700 1 _aAlonso Monedero, Begoña
_915053
830 0 _aPunto de lectura ;
_v300/3
_93047
910 _aCatalogación derivada
910 _aWM
999 _c5088
_d5088